| 000 | 01215nam a22002657a 4500 | ||
|---|---|---|---|
| 001 | 4526 | ||
| 003 | FISKH | ||
| 005 | 20240913103730.0 | ||
| 008 | 240913b cb ||||| |||| 00| 0 eng d | ||
| 020 | _a9780646555386 | ||
| 040 |
_aFISKH _beng _cFISKH _dFISKH |
||
| 050 | _aPZ7 | ||
| 100 |
_aWelsh, Eva- Marie _eauthor |
||
| 245 |
_aBobby the tree kangaroo / _cWitten and illustrated by Eva-Marie Welsh |
||
| 260 |
_aAustralia : _bevabooks ; _c2011. |
||
| 300 |
_a16 unnumbered pages : _bcolor illustraions ; _c30 cm . |
||
| 505 | _aH | ||
| 520 | _aWhere is Croaky? is the tale of a green tree frog as he looks for his friend in different environments including a down pipe, toilet cistern and pots and pans. The illustrations include green tree frogs, a gecko, Rainbow lorikeet, Cairns Birdwing and Ulysses butterflies, a King Fisher and caterpillars as well as many tropical rainforest plants including the Licuala Palms. Cassy from previous book, Cassy's Tale, also makes an appearance. | ||
| 521 | 8 |
_a450
_bLexile estimate |
|
| 521 | 8 |
_aH
_bRaz-Plus |
|
| 650 |
_alearning to climb _vjuvenile fiction |
||
| 700 |
_aWelsh, Eva-Marie _eillustrator |
||
| 942 |
_2ddc _cBK _n0 |
||
| 999 |
_c4526 _d4526 |
||